000 00708nam a22002177a 4500
003 UA-OsUOA
001 86486
007 ta
008 20120904b un ||||| |||| 00| 0 ukr d
090 _a94(477)
_bТ68
942 _cBK
040 _aUA-OsUOA
_brus
_cUA-OsUOA
_dUA-OsUOA
245 _a300 лет Кургану (1662 - 1962)
_bкраткий исторический очерк
_cЛапин Н., Горелов В., Курочкин А., Минский А.
300 _a152 с.
955 _a2
041 _arus
080 _a94(477)
260 _aКурган
_bСоветское зауралье
_c1962
650 7 _a9 Географія. Біографії. Історія
_2UDC
999 _c373306
_d373306